NBA Scoring Champions by Total Points - Statistics

General Stats
  • This quiz has been taken 270 times
    241 since last reset
  • The average score is 49 of 77
Answer Stats
Year Points Answer % Correct
2018 2251 LeBron James
95%
1998 2357 Michael Jordan
93%
1997 2431 Michael Jordan
93%
1996 2491 Michael Jordan
93%
1993 2541 Michael Jordan
93%
1992 2404 Michael Jordan
93%
1991 2580 Michael Jordan
93%
1990 2753 Michael Jordan
93%
1989 2633 Michael Jordan
93%
1988 2868 Michael Jordan
93%
1987 3041 Michael Jordan
93%
1985 2313 Michael Jordan
93%
2014 2593 Kevin Durant
91%
2013 2280 Kevin Durant
91%
2012 1850 Kevin Durant
91%
2011 2161 Kevin Durant
91%
2010 2472 Kevin Durant
91%
2008 2323 Kobe Bryant
90%
2007 2430 Kobe Bryant
90%
2006 2832 Kobe Bryant
90%
2003 2461 Kobe Bryant
90%
2020 2335 James Harden
89%
2019 2818 James Harden
89%
2016 2376 James Harden
89%
2015 2217 James Harden
89%
2021 2015 Stephen Curry
89%
2000 2344 Shaquille O'Neal
86%
1999 1289 Shaquille O'Neal
86%
1995 2315 Shaquille O'Neal
86%
1966 2649 Wilt Chamberlain
86%
1965 2534 Wilt Chamberlain
86%
1964 2948 Wilt Chamberlain
86%
1963 3586 Wilt Chamberlain
86%
1962 4029 Wilt Chamberlain
86%
1961 3033 Wilt Chamberlain
86%
1960 2707 Wilt Chamberlain
86%
1972 2822 Kareem Abdul-Jabbar
82%
1971 2596 Kareem Abdul-Jabbar
82%
1970 2361 Kareem Abdul-Jabbar
82%
2017 2558 Russell Westbrook
81%
2005 2302 Allen Iverson
79%
1994 2383 David Robinson
63%
2023 2225 Jayson Tatum
59%
1959 2105 Bob Pettit
56%
1956 1849 Bob Pettit
56%
2009 2386 Dwyane Wade
56%
1951 1932 George Mikan
52%
1950 1865 George Mikan
52%
1949 1698 George Mikan
52%
2004 1987 Kevin Garnett
50%
1982 2551 George Gervin
49%
1979 2365 George Gervin
49%
1978 2232 George Gervin
49%
1976 2427 Bob McAdoo
40%
1975 2831 Bob McAdoo
40%
1974 2261 Bob McAdoo
40%
1986 2414 Alex English
36%
1983 2326 Alex English
36%
2002 2144 Paul Pierce
34%
1969 2327 Elvin Hayes
31%
1977 2273 Pete Maravich
30%
1967 2775 Rick Barry
30%
1984 2418 Adrian Dantley
29%
1981 2452 Adrian Dantley
29%
1980 2585 Adrian Dantley
29%
1957 1817 Paul Arizin
27%
1952 1674 Paul Arizin
27%
2022 2155 Trae Young
26%
1973 2719 Nate Archibald
22%
1947 1389 Joe Fulks
18%
1955 1631 Neil Johnston
15%
1954 1759 Neil Johnston
15%
1953 1564 Neil Johnston
15%
1968 2142 Dave Bing
14%
1958 2001 George Yardley
13%
2001 2380 Jerry Stackhouse
10%
1948 1007 Max Zaslofsky
9%
No matching quizzes found
Score Distribution
Percent of People with Each Score
Percentile by Number Answered
Your Score History
You have not taken this quiz since the last reset